OpenGL superbible / (Record no. 28700)
[ view plain ]
| 000 -LEADER | |
|---|---|
| fixed length control field | 01212cam a22003735i 4500 |
| 001 - CONTROL NUMBER | |
| control field | 13435716 |
| 003 - CONTROL NUMBER IDENTIFIER | |
| control field | EG-ScBUE |
| 005 - DATE AND TIME OF LATEST TRANSACTION | |
| control field | 20200909134434.0 |
| 008 - FIXED-LENGTH DATA ELEMENTS--GENERAL INFORMATION | |
| fixed length control field | 031216t20052005inua f b 001 0 eng d |
| 020 ## - INTERNATIONAL STANDARD BOOK NUMBER | |
| International Standard Book Number | 0672326019 |
| 020 ## - INTERNATIONAL STANDARD BOOK NUMBER | |
| International Standard Book Number | 9780672326011 |
| 035 ## - SYSTEM CONTROL NUMBER | |
| System control number | (CStRLIN)PASGA2730714-B |
| 035 ## - SYSTEM CONTROL NUMBER | |
| System control number | (PSt) (Sirsi) a2730714 |
| 040 ## - CATALOGING SOURCE | |
| Original cataloging agency | IG# |
| Language of cataloging | eng |
| Description conventions | rda |
| Transcribing agency | IG# |
| Modifying agency | DLC |
| -- | EG-ScBUE |
| 082 04 - DEWEY DECIMAL CLASSIFICATION NUMBER | |
| Classification number | 006.66 |
| Item number | WRI |
| Edition number | 22 |
| 100 1# - MAIN ENTRY--PERSONAL NAME | |
| Personal name | Wright, Richard S., |
| Titles and other words associated with a name | Jr., |
| Dates associated with a name | 1965- |
| Relator term | author. |
| 245 10 - TITLE STATEMENT | |
| Title | OpenGL superbible / |
| Statement of responsibility, etc | Richard S. Wright, Jr. and Benjamin Lipchak. |
| 250 ## - EDITION STATEMENT | |
| Edition statement | Third edition. |
| 264 #1 - PUBLICATION, DISTRIBUTION, ETC. (IMPRINT) | |
| Place of publication, distribution, etc | Indianapolis : |
| Name of publisher, distributor, etc | SAMS, |
| Date of publication, distribution, etc | [2005] |
| 264 #4 - PUBLICATION, DISTRIBUTION, ETC. (IMPRINT) | |
| Date of publication, distribution, etc | c2005 |
| 300 ## - PHYSICAL DESCRIPTION | |
| Extent | xvii, 1173 pages : |
| Other physical details | illustrations ; |
| Dimensions | 23 cm + |
| Accompanying material | 1 CD-ROM (4 3/4 in.) |
| 336 ## - CONTENT TYPE | |
| Content type term | text |
| Content type code | txt |
| Source | rdacontent |
| 336 ## - CONTENT TYPE | |
| Content type term | computer program |
| Content type code | cop |
| Source | rdacontent |
| 337 ## - MEDIA TYPE | |
| Media type term | unmediated |
| Media type code | n |
| Source | rdamedia |
| 337 ## - MEDIA TYPE | |
| Media type term | computer |
| Media type code | c |
| Source | rdamedia |
| 338 ## - CARRIER TYPE | |
| Carrier type term | volume |
| Carrier type code | nc |
| Source | rdacarrier |
| 338 ## - CARRIER TYPE | |
| Carrier type term | computer disc |
| Carrier type code | cd |
| Source | rdacarrier |
| 504 ## - BIBLIOGRAPHY, ETC. NOTE | |
| Bibliography, etc | Includes bibliographical references and index. |
| 630 00 - SUBJECT ADDED ENTRY--UNIFORM TITLE | |
| Uniform title | OpenGL. |
| 9 (RLIN) | 32565 |
| 650 #7 - SUBJECT ADDED ENTRY--TOPICAL TERM | |
| Topical term or geographic name as entry element | Computer graphics. |
| Source of heading or term | BUEsh |
| 653 ## - INDEX TERM--UNCONTROLLED | |
| Resource For college | Informatics and Computer Science |
| Arrived date list | September2020 |
| 700 1# - ADDED ENTRY--PERSONAL NAME | |
| Personal name | Lipchak, Benjamin, |
| Relator term | author. |
| 942 ## - ADDED ENTRY ELEMENTS (KOHA) | |
| Source of classification or shelving scheme | Dewey Decimal Classification |
| Koha item type | Book - Borrowing |
| Withdrawn status | Lost status | Source of classification or shelving scheme | Damaged status | Not for loan | Collection code | Home library | Current library | Shelving location | Date acquired | Source of acquisition | Cost, normal purchase price | Total Checkouts | Total Renewals | Full call number | Barcode | Date last seen | Date checked out | Cost, replacement price | Price effective from | Koha item type |
|---|---|---|---|---|---|---|---|---|---|---|---|---|---|---|---|---|---|---|---|---|
| Dewey Decimal Classification | Academic Bookshop | Central Library | Central Library | Lower Floor | 06/08/2007 | Purchase | 400.00 | 8 | 3 | 006.66 WRI | 000004193 | 28/09/2025 | 07/03/2016 | 500.00 | 08/05/2006 | NB - Book (Non borrowing) | ||||
| Dewey Decimal Classification | unknown | Central Library | Central Library | Lower Floor | 09/09/2020 | Purchase | 006.66 WRI | 000049629 | 15/07/2025 | 09/09/2020 | Book - Borrowing | |||||||||
| Dewey Decimal Classification | unknown | Central Library | Central Library | Lower Floor | 09/09/2020 | Purchase | 006.66 WRI | 000049630 | 24/08/2022 | 09/09/2020 | CD | DVD - With book |